Evaluación preliminar sobre la biología del "Tigrito" Pimelodus pictus steindachner 1879, en el río Meta y resultados preliminares de algunos ensayos realizados en las instalaciones del vivero La Terraza sobre las especies Pimelodus pictus steind, Megalamphodus sweglesi gery y Cheirodon axelrodi schultz (Registro nro. 12855)
[ vista simple ]
| 000 -CABECERA | |
|---|---|
| Campo de control | 009220000a22002170004500 |
| 090 ## - CLASIFICACIÓN LOCAL | |
| Colección | AR |
| Consecutivo | 03820 |
| 041 0# - IDIOMA | |
| Código de idioma para texto/pista de sonido o título separado | |
| 100 1# - ASIENTO PRINCIPAL--NOMBRE PERSONAL | |
| Nombre personal | Blanco C., María Cristina |
| 245 10 - MENCION DE TITULO | |
| Título | Evaluación preliminar sobre la biología del "Tigrito" Pimelodus pictus steindachner 1879, en el río Meta y resultados preliminares de algunos ensayos realizados en las instalaciones del vivero La Terraza sobre las especies Pimelodus pictus steind, Megalamphodus sweglesi gery y Cheirodon axelrodi schultz |
| 650 14 - ASIENTO SECUNDARIO DE MATERIA - TERMINO TEMATICO | |
| Término temático o nombre geográfico como elemento de entrada | Peces |
| 650 14 - ASIENTO SECUNDARIO DE MATERIA - TERMINO TEMATICO | |
| Término temático o nombre geográfico como elemento de entrada | Ictiología |
| 650 14 - ASIENTO SECUNDARIO DE MATERIA - TERMINO TEMATICO | |
| Término temático o nombre geográfico como elemento de entrada | Piscicultura |
| 650 14 - ASIENTO SECUNDARIO DE MATERIA - TERMINO TEMATICO | |
| Término temático o nombre geográfico como elemento de entrada | Hábitos alimentarios |
| 650 14 - ASIENTO SECUNDARIO DE MATERIA - TERMINO TEMATICO | |
| Término temático o nombre geográfico como elemento de entrada | Morfología animal |
| 651 #4 - ASIENTO SECUNDARIO DE MATERIA - NOMBRE GEOGRAFICO | |
| -- | Río Meta |
| -- | Colombia |
| 653 ## - TERMINO DE INDIZACION - NO CONTROLADO | |
| -- | Pimelodus |
| -- | Pimelodus pictus |
| -- | tigrito |
| 653 ## - TERMINO DE INDIZACION - NO CONTROLADO | |
| -- | Cheirodon |
| -- | Cheirodon axelrodi |
| 653 ## - TERMINO DE INDIZACION - NO CONTROLADO | |
| -- | Megalamphodus sweglesi |
| -- | Megalamphodus |
| 773 1# - Item fuente: | |
| Título | Preprint |
| Paginas del Articulo | 1-3 |
| Lugar, editorial y fecha de publicación | 1988 |
| 942 ## - ELEMENTOS ADICIONALES (KOHA) | |
| Tipo de ítem | Artículo |
| Withdrawn status | Lost status | Damaged status | No para préstamo | Colección | Ubicación Permanente | Ubicación actual | Fecha de adquisición | Datos de publicación Seriada | Total Checkouts | Número topográfico | Inventario / Código de Barras | Date last seen | Price effective from | Forma de adquisición | Tipo de material |
|---|---|---|---|---|---|---|---|---|---|---|---|---|---|---|---|
| No para Préstamo | Hemeroteca | Bogotá | Bogotá | 27/02/2015 | Fuera de circulación | AR 03820 | 017361 | 25/03/2015 | 25/03/2015 | Artículo |